| 000 | 00573nam a2200217Ia 4500 | ||
|---|---|---|---|
| 003 | OSt | ||
| 005 | 20250401165732.0 | ||
| 008 | 210210b1945 xxu||||| |||| 00| 0 eng d | ||
| 040 | _cAL | ||
| 041 | _ahin | ||
| 082 | _a862/72 | ||
| 100 |
_aBERNARD (Newman) _9207272 |
||
| 110 |
_aबर्नार्ड नूमन _9207273 |
||
| 245 |
_aPoland nivasi: _bपोलैंड निवासी |
||
| 260 |
_aAundh State _b- _c1945 |
||
| 650 |
_aPOlanD _9207274 |
||
| 650 |
_anIvasi _9207275 |
||
| 690 |
_aHindi Prose _9207276 |
||
| 906 | _a023317 | ||
| 942 |
_2ddc _cBK |
||
| 999 |
_c148301 _d148301 |
||